000 00457nam a2200133Ia 4500
008 170516s9999 xx 000 0 und d
245 _aIn Vivo Stabilization of a Gastrin-Releasing Peptide Receptor Antagonist Enhances PET Imaging and Radionuclide Therapy of Prostate Cancer in Preclinical Studies
260 _bTheranostics
260 _c2016
300 _a6:1
650 _xMedical Technology
650 _xMedtech
856 _uhttp://www.thno.org/v6i1
999 _c330372
_d330372